| 000 | 00896nas a2200277 4500 | ||
|---|---|---|---|
| 001 | 6294 | ||
| 003 | GR-kaGGEEl | ||
| 005 | 20220622205358.0 | ||
| 035 | _a8998 | ||
| 090 | _a6294 | ||
| 100 | _a20100513b19061974k y0grey50 ga | ||
| 101 | 0 | _agre | |
| 102 | _aCY | ||
| 106 | _ae | ||
| 110 | _ac||| 0||| | ||
| 200 | 1 | _aΕλευθερία [εφημερίδα] | |
| 207 | 0 | _a14/27 Μαρτ.1906 - 19 Ιουλ.1974 | |
| 210 |
_aΛευκωσία _d1906 - 1974 |
||
| 310 | _aΗ βιβλιοθήκη διαθέτει τα εξής: 1958 - 1962, 1974 (Μαρτ.-Ιουν.) | ||
| 310 | _aΗ εφημερίδα είναι δεμένη σε 9 τόμους μεγάλου μεγέθους. | ||
| 606 | 1 |
_aΤύπος, Κυπριακός _923970 |
|
| 607 |
_aΚύπρος _xΕφημερίδες _916682 |
||
| 676 | _a079.5645 | ||
| 942 | _cCR | ||